Modern electronic instrumentation and measurement technique (Record no. 5796)

MARC details
000 -LEADER
fixed length control field 00578nam a2200169Ia 4500
003 - CONTROL NUMBER IDENTIFIER
control field SGT
020 ## - INTERNATIONAL STANDARD BOOK NUMBER
International Standard Book Number 9788120307520
082 ## - DEWEY DECIMAL CLASSIFICATION NUMBER
Classification number 621.38154
Item number HEL
100 ## - MAIN ENTRY--PERSONAL NAME
Personal name Helfrick,Albert D
245 ## - TITLE STATEMENT
Title Modern electronic instrumentation and measurement technique
260 ## - PUBLICATION, DISTRIBUTION, ETC. (IMPRINT)
Name of publisher, distributor, etc PHI Learning Private Limited
Place of publication, distribution, etc New Delhi
Year of Publication 2012
300 ## - PAGE DESCRIPTION
No. of Pages 445p.
650 ## - SUBJECT ADDED ENTRY--TOPICAL TERM
Topical term or geographic name as entry element ELECTRONICS ENGINEERING
653 ## - KEYWORDS--INDEX TERM
Keyword term MEASUREMENT AND ERROR,SYSTEMS OF UNITS OF MEASUREMENT, ELECTROMECHANICAL INDICAT:ING INSTRUMENTS,STANDARDS OF MEASUREMENT,BRIDGE MEASUREMENT
700 ## - ADDED ENTRY--PERSONAL NAME
Personal name Cooper,William D
942 ## - ADDED ENTRY ELEMENTS (KOHA)
Source of classification or shelving scheme Dewey Decimal Classification
Koha item type Books
Holdings
Withdrawn status Lost status Source of classification or shelving scheme Damaged status Not for loan Home library Current library Date acquired SGTU Total Checkouts Full call number Accession No. (Barcode) Date last seen Bill Date Koha item type
    Dewey Decimal Classification     SGT Engineering Library SGT Engineering Library 20/09/2013 SGTU   621.38154 HEL FEBB7444 09/02/2015 09/02/2015 Books
    Dewey Decimal Classification     SGT Engineering Library SGT Engineering Library 20/09/2013 SGTU   621.38154 HEL FEBB7445 09/02/2015 09/02/2015 Books